Farthest north (Record no. 552619)
[ view plain ]
| 000 -LEADER | |
|---|---|
| fixed length control field | 00588cam a22001453u 4500 |
| 082 ## - DEWEY DECIMAL CLASSIFICATION NUMBER | |
| Classification number | 387.5092 |
| Author Mark | NAN |
| 100 1# - MAIN ENTRY--PERSONAL NAME | |
| Personal name | Nansen, Fridtjof. |
| 9 (RLIN) | 49876 |
| 245 10 - TITLE STATEMENT | |
| Title | Farthest north |
| Remainder of title | Being a record of a voyage of exploration of the ship "Fram" 1893-96 and of a fifteen months' sleigh journey by Dr. Nansen and Lieut. Johansen (Vol 1) / |
| Statement of responsibility, etc. | Nansen, Fridtjof. |
| 260 ## - PUBLICATION, DISTRIBUTION, ETC. | |
| Place of publication, distribution, etc. | [S.l.] : |
| Name of publisher, distributor, etc. | [s.n.], |
| Date of publication, distribution, etc. | 1897. |
| 500 ## - GENERAL NOTE | |
| General note | Title from content provider. |
| 526 ## - STUDY PROGRAM INFORMATION NOTE | |
| Program name | 0 |
| Interest level | 0 |
| Reading level | 0 |
| Title point value | 387_509200000000000_NAN |
| 650 ## - SUBJECT ADDED ENTRY--TOPICAL TERM | |
| Topical term or geographic name entry element | MCE |
| 9 (RLIN) | 379 |
| 856 40 - ELECTRONIC LOCATION AND ACCESS | |
| Uniform Resource Identifier | <a href="http://www.columbia.edu/cgi-bin/cul/resolve?clio9289759">http://www.columbia.edu/cgi-bin/cul/resolve?clio9289759</a> |
| 942 ## - ADDED ENTRY ELEMENTS (KOHA) | |
| Source of classification or shelving scheme | |
| Koha item type | Book |
| Withdrawn status | Lost status | Source of classification or shelving scheme | Damaged status | Not for loan | Permanent Location | Current Location | Shelving location | Date acquired | Total Checkouts | Full call number | Barcode | Date last seen | Price effective from | Koha item type |
|---|---|---|---|---|---|---|---|---|---|---|---|---|---|---|
| Military College of Engineering (MCE) | Military College of Engineering (MCE) | 01/20/2015 | 387.5092 NAN | MCE-ECF/57 | 01/20/2015 | 01/20/2015 | Book |
